Pokemon that change types through evolution - Statistics

General Stats
  • This quiz has been taken 1,277 times
    1,264 since last reset
  • The average score is 30 of 66
Answer Stats
Hint Answer % Correct
Fire -> Fire/Flying Charizard
94%
Bug -> Bug/Flying Butterfree
89%
Poison -> Poison/Ground Nidoking
82%
Poison -> Poison/Ground Nidoqueen
81%
Dragon -> Dragon/Flying Dragonite
79%
Water -> Water/Fighting Poliwrath
78%
Water -> Water/Ice Dewgong
75%
Bug/Flying -> Bug/Steel Scizor
74%
Rock/Ground -> Steel/Ground Steelix
72%
Water -> Water/Ice Cloyster
70%
Water -> Water/Flying Gyarados
67%
Fire -> Fire/Fighting Combusken
64%
Normal/Fairy -> Water/Fairy Marill
64%
Water -> Water/Psychic Starmie
64%
Water -> Water/Dragon Kingdra
62%
Fairy -> Fairy/Flying Togetic
62%
Grass/Poison -> Grass Bellossom
59%
Fire -> Fire/Rock Magcargo
59%
Water -> Water/Ground Marshtomp
58%
Ground/Rock -> Dark/Rock Tyranitar
58%
Bug -> Bug/Flying Beautifly
56%
Bug -> Bug/Poison Dustox
54%
Bug -> Bug/Steel Forretress
53%
Bug/Ground -> Bug/Flying Ninjask
53%
Bug/Flying -> Bug/Ghost Shedinja
53%
Fire -> Fire/Fighting Monferno
52%
Grass -> Grass/Dark Nuzleaf
51%
Grass -> Grass/Ground Torterra
51%
Bug/Water -> Bug/Flying Masquerain
50%
Grass -> Grass/Fighting Breloom
49%
Water -> Water/Steel Empoleon
49%
Dragon -> Dragon/Flying Salamence
47%
Ground -> Ground/Dragon Vibrava
47%
Normal/Flying -> Dragon/Flying Altaria
46%
Grass -> Grass/Dark Cacturne
45%
Normal -> Normal/Water Bibarel
43%
Bug -> Bug/Varies Wormadam
42%
Bug/Poison -> Dark/Poison Drapion
41%
Ice -> Ice/Ghost Froslass
41%
Bug -> Bug/Flying Mothim
40%
Fighting -> Fighting/Steel Lucario
39%
Water -> Water/Dark Crawdaunt
37%
Psychic/Fairy -> Psychic/Fighting Gallade
37%
Water -> Water/Ground Gastrodon
35%
Fire -> Fire/Fighting Pignite
35%
Fire -> Fire/Psychic Delphox
29%
Water -> Water/Dark Greninja
29%
Grass -> Grass/Fighting Chesnaught
28%
Rock -> Rock/Steel Probopass
26%
Poison/Water -> Poison/Dragon Dragalge
25%
Ground -> Ground/Steel Excadrill
25%
Water -> Water/Ground Palpitoad
25%
Normal/Flying -> Fire/Flying Fletchinder
24%
Grass/Flying -> Grass/Ghost Decidueye
23%
Normal -> Normal/Ground Diggersby
22%
Bug -> Bug/Steel Escavalier
22%
Fire -> Fire/Dark Incineroar
22%
Water -> Water/Fairy Primarina
22%
Fighting -> Dark/Fighting Pangoro
20%
Bug -> Bug/Flying Vivillon
20%
Bug -> Bug/Electric Charjabug
17%
Fighting -> Fighting/Ice Crabominable
17%
Psychic -> Psychic/Ghost Lunala
17%
Poison -> Poison/Dragon Naganadel
17%
Psychic -> Psychic/Steel Solgaleo
17%
Dragon -> Dragon/Fighting Hakamo-o
15%
No matching quizzes found
Score Distribution
Percent of People with Each Score
Percentile by Number Answered
Your Score History
You have not taken this quiz since the last reset